Urban green growth in dynamic Asia

Gespeichert in:
Bibliographische Detailangaben
Format: Buch
Sprache:Englisch
Veröffentlicht: Paris OECD 2016
Schriftenreihe:OECD green growth studies
Schlagworte:
Tags: Tag hinzufügen
Keine Tags, Fügen Sie das erste Tag hinzu!

MARC

LEADER 00000nam a2200000 4500
001 0231247
005 20240314123602.7
020 |a 978-92-64-26635-3 
041 0 |a eng 
044 |a FR 
245 1 0 |a Urban green growth in dynamic Asia 
264 1 |a Paris  |b OECD  |c 2016 
300 |a 187 s. 
490 1 |a OECD green growth studies 
830 0 |a OECD green growth studies 
610 2 0 |a mestá 
610 2 0 |a urbanizmus 
610 2 0 |a ekológia 
610 2 0 |a politika ekologická 
610 2 0 |a politika environmentálna 
610 2 0 |a Ázia